1609 1214 1136 1281 1356 1598 1060 1675 1672 1575 1750 1976 1466 1383 1389 1641 1506 1453 1884 1120 1058 1136 1633 1746 1478 1808 1204 1295 1297 1374 1858 1684 1871 1005 1872 1994 1845 1048 1942 1783 1115 1647 1374 1991 1621 1357 1380 1841 1178 1005 1973 1979 1129 1295 1822 1490 1669 1257 1079 1713 1613 1177 1111 1244 1865 1339 1249 1654 1345 1450 1026 1104 1077 1738 1611 1858 1521 1216 1053 1923 1711 1754 1579 1338 1356 1091 1730 1078 1558 1965 1266 1392 1857 1420 1070 1827 1604 1741 1989 BCNSPRNW ULIB Ver.6.0+V

เปลี่ยนเป็นภาษาไทย

Change to English
 แสดงรายละเอียดบรรณานุกรม
  กลับหน้าหลัก

Brief Record : Get Marc (ISO 2709) : E-mail record : QR code < ปิดหน้าต่าง
LEADER : 00000nam 2200000uu 4500
001    13399113414
003     ULIB
008    020711s2553 th a 000 0 tha d
020    ^a9749742052850
099    ^aนว.ซ115จ 250
100    ^aฬีฬา
245    ^aจะรักได้ไหม...ถ้าหัวใจตรงกัน/^cฬีฬา
250    ^aพิมพ์ครั้งที่ 1
260    ^aกรุงเทพฯ :^bคลังวิทยา,^c2550
300    ^a238 หน้า
710 1  คลังวิทยา
945    ^p150^l0^i021009
995    ทศพร
999 ^a ^aวรรณษา ชูชัยมงคล
รายการนี้ยังไม่มีแท็ก
คุณยังไม่ได้ล็อกอิน คุณสามารถมีกิจกรรมร่วมกับเว็บไซต์ได้ แต่ต้องล็อกอินก่อน ::
  ล็อกอิน

รายการสื่อสารสนเทศ

ลำดับที่ ประเภท เลขเรียก/บาร์โค้ด สถานที่ สถานะ
1. นวนิยาย
นวนิยาย
นว.ซ115จ 250 ฉ.1 
  Barcode: 021009
ห้องสมุดวิทยาเขตสวรรค์ประชารักษ์
►นวนิยาย
บนชั้น
  ขอยืม

รายการใกล้เคียง
    ผู้แต่ง [ฬีฬา]

BibComment


ยังไม่เคยถูกคอมเมนท์

คอมเมนท์ทรัพยากรรายการนี้
  คอมเมนท์: จะรักได้ไหมถ้าหั..


 Copyright 2026. Bcnsprnw @Library